| 000 | 00655cam a2200229 i 4500 | ||
|---|---|---|---|
| 001 | 3699600 | ||
| 005 | 20180123032812.0 | ||
| 008 | 790809s1980 nyua b 001 0 eng | ||
| 010 | _a 79019850 | ||
| 020 | _a0030216664 | ||
| 040 |
_aDLC _cDLC _dDLC |
||
| 041 | _aeng | ||
| 080 | _a686.22 art | ||
| 082 | 0 | 0 | _a686.22 art |
| 100 | 1 | _a39 | |
| 101 | _amed | ||
| 245 | 1 | 4 |
_aThe graphics of communication : _cArthur T. Turnbull, Russell N. Baird. |
| 504 | _aBibliography: p. [379]. | ||
| 906 |
_a7 _bcbc _corignew _d1 _eocip _f19 _gy-gencatlg |
||
| 942 |
_2ddc _cBK |
||
| 999 |
_c40696 _d40696 |
||